Statistics for Third Most Spoken Languages by U.S. States

Click here to take the quiz!

General Stats

  • This quiz has been taken 18 times
  • The average score is 13 of 50

Answer Stats

StateThird Most Spoken Language% Correct
AlabamaGerman
79%
LouisianaFrench
64%
VermontFrench
50%
New HampshireFrench
50%
IndianaGerman
50%
WashingtonChinese
43%
MaineFrench
43%
ColoradoGerman
43%
KentuckyGerman
43%
PennsylvaniaChinese
36%
MarylandFrench
36%
MontanaGerman
36%
ArizonaNavajo
36%
ConnecticutPortuguese
36%
IowaArabic
29%
MichiganArabic
29%
IdahoArabic
29%
New YorkChinese
29%
DelawareChinese
29%
South CarolinaGerman
29%
North DakotaGerman
29%
MassachusettsPortuguese
29%
Rhode IslandPortuguese
29%
West VirginiaArabic
21%
VirginiaArabic
21%
TennesseeArabic
21%
OhioArabic
21%
North CarolinaChinese
21%
WyomingChinese
21%
MissouriChinese
21%
HawaiiHawaiian
21%
IllinoisPolish
21%
UtahPortuguese
21%
NevadaTagalog/Filipino
21%
CaliforniaTagalog/Filipino
21%
South DakotaDakota|Lakota|Sioux
14%
FloridaHaitian Creole
14%
New MexicoNavajo
14%
MinnesotaSomali
14%
New JerseyTagalog/Filipino
14%
OregonVietnamese
14%
OklahomaVietnamese
14%
TexasVietnamese
14%
GeorgiaVietnamese
14%
KansasVietnamese
14%
AlaskaAleut/Eskimo
7%
WisconsinHmong
7%
ArkansasVietnamese
7%
NebraskaVietnamese
7%
MississippiMuskogean
0%

Score Distribution

Percentile by Number Answered

Percent of People with Each Score

Your Score History

You have not taken this quiz